World Capitals Closest to Cape Town with Exceptions - Statistics

General Stats
  • This quiz has been taken 37 times
    14 since last reset
  • The average score is 18 of 20
Answer Stats
km capital miles % Correct
7530 Abu Dhabi 4679
100%
7736 Damascus 4807
100%
7523 Jerusalem 4675
100%
7757 Beirut 4820
93%
6877 Brasília 4273
93%
6882 Buenos Aires 4277
93%
7464 Doha 4638
93%
7702 Kuwait City 4786
93%
6678 Montevideo 4149
93%
7949 Santiago 4939
93%
7559 Amman 4697
86%
7162 Malé 4450
86%
7508 Manama 4666
86%
7850 Nicosia 4878
86%
7181 Riyadh 4462
86%
6128 Sana'a 3808
86%
7674 Muscat 4769
79%
7244 Asunción 4501
71%
7784 Valletta 4837
71%
7899 Colombo 4908
64%
No matching quizzes found
Score Distribution
Percent of People with Each Score
Percentile by Number Answered
Your Score History
You have not taken this quiz since the last reset